MDQL
is popping MORE tags! Check the
thread
!
Quizzes
Events
Quiz Creation
Community
Videos
Private Events
Remove Ads
Sign In
Join for FREE
Feedback
Dark Mode
Quiz Categories
Sports
Geography
Music
Movies
Television
Just For Fun
Miscellaneous
History
Literature
Language
Science
Gaming
Entertainment
Religion
Holiday
For Kids
Quiz Lab
Recent
Popular Today
Quiz Kudos Today
Editor Picks
Curator Picks
Quizzes by...
Day
Popularity
Type
Ratings
Length
Year
Community
Subscriptions
Recent Discussions
Orange Saloon
Badges
Playlists
Quests
Create
Leaderboards
Showdown
Live 5
Trivia Bingo
Activity
Puzzle Library
Sporcle Events
Private Events
Virtual Trivia
Globe League
Become a Host
Pub Owners
SporcleCon
Opinionation
Our Games
Videos
Blog
Mobile Apps
Partnerships
Remove Ads and Go Orange
Feedback
Sports
Athletes
MLB
NBA
NHL
NFL
Soccer
Sports Teams
WWE
NCAA
Football
Premier League
Basketball
Baseball
Hockey
Golf
Tennis
Cricket
Rugby
Auto Racing
Olympics
World Cup
Sports
Athletes
MLB
NBA
NHL
NFL
Soccer
Sports Teams
WWE
NCAA
Football
Premier League
Basketball
Baseball
Hockey
Golf
Tennis
Cricket
Rugby
Auto Racing
Olympics
World Cup
Random Quiz
Search Sporcle
×
Quiz Lab
Quiz Lab
Sports
Europe
Select answers by clicking on text or image buttons
Select answers by clicking on text or image buttons
Clickable
Best Score? Go Orange.
European Football Clubs Stats
Can you pick the European Football Clubs?
By
Cochrane
10m
50 Questions
366 Plays
366 Plays
366 Plays
Comments
Comments
Give Quiz Kudos
Give Quiz Kudos
-
- Ratings
hide this ad
More Info
Forced Order
Answers have to be entered in order
Answers have to be entered in order
Replay
Link that replays current quiz
Next Quiz
Link to next quiz in quiz playlist
You Got
0%
They Got
Avg Score
70%
Avg Friend Score
Upgrade to see
Score Distribution
Jump to the score distribution portion of the page
Score
0/50
Timer
10:00
0
Plays Today
% Correct
Spain
88%
Spain
87.4%
Italy
86.3%
Germany
86.1%
Spain
86.1%
Spain
86.1%
Germany
85.5%
Italy
85.5%
Germany
84.4%
Germany
83.9%
Spain
83.6%
Italy
82.5%
France
81.4%
France
80.6%
France
80.3%
Netherlands
79.8%
Italy
79.5%
Italy
79.2%
France
78.1%
Netherlands
77.3%
Netherlands
76%
France
74.6%
Germany
71.9%
Portugal
70.5%
Portugal
70.5%
% Correct
Belgium
69.7%
Portugal
69.4%
Belgium
68.6%
Netherlands
68%
Austria
66.9%
Netherlands
66.4%
Portugal
65.6%
Austria
64.5%
Austria
64.2%
Portugal
64.2%
Belgium
63.9%
Sweden
63.9%
Denmark
62.6%
Sweden
59%
Austria
58.5%
Denmark
57.9%
Sweden
57.7%
Denmark
57.4%
Belgium
56.8%
Denmark
56.6%
Austria
54.1%
Denmark
53.6%
Sweden
51.6%
Belgium
50%
Sweden
44.3%
Quiz Playlist
Details
Report
Send in Message
Add To Playlist
More Info:
Each football club was in its country's top division in the 2012-2013 season.
Clickable:
Select answers by clicking on text or image buttons
Forced Order:
Answers have to be entered in order
Last Updated: Feb 16, 2017
Quiz Scoreboard
CHALLENGE
Sign Up to Join the Scoreboard
Show All
Scores
Hide
Comments
May contain spoilers
Recently Published
1-10 Letter E Words III
by El_Dandy
Language
2m
Street Fighter Characters
by Artimus82
Gaming
60s
College Basketball Coaching Resumes
by pancakes188
Sports
9m
More to Explore
Quiz From the Vault
Featured Blog Post
Where Did the Easter Bunny Come From?
hide this ad
You Might Also Like...
Tags
Europe Quiz
Football Quiz
Soccer Quiz
European Football
Europe Clubs
Europe League
Football Clubs
Today's Top Quizzes in Sports
Browse Sports
hide this ad
Today's Top Quizzes in Europe
Browse Europe
Top Contributed Quizzes in Sports
1
2022 World Cup Stars
2
Les meilleurs buteurs des matchs entre le PSG et l’OM
3
FIFA Club World Cup Champions
4
Les entraîneurs de l'OM et du PSG au 21e siècle
5
Criteria MLB: Left Handed Sluggers
6
2023 MLB Unique Player Accomplishments
7
AFC Teams Reveal (Wrong Answers Minefield)
8
Players with Multiple 50 Home Run Seasons
9
5-to-1: FBS Animal Nicknames
10
5-to-1: UK Sports Teams
Explore More
Trending Topics
Crossword
NBA
Anime
Harry Potter
Disney
Marvel
Kpop
Soccer
Song
Pokémon
The Office
Puzzle
NFL
WWE
Country
hide this ad
More By:
Cochrane
Quiz
Plays
Rating
Category
Featured
Created
Islands of Scotland
677
4.25
Geography
Jun 24, 2013
European Football Clubs
366
3.75
Sports
Jun 30, 2013
Pick the Historic Scottish Counties
364
5.00
History
May 21, 2013
Gimme 5 Scotland
341
4.33
Geography
Jun 28, 2013
Golf Club Nicknames
179
5.00
Sports
Jul 10, 2013
Go to Creator's Profile
Score Distribution
Quiz Creator Spotlight
Cochrane
Follow
Send a Message
Quizzes Created
-
Created Quiz Play Count
-
More By This Creator
Popular Quizzes Today
1
Find the US States - No Outlines Minefield
2
Find the Countries of Europe - No Outlines Minefield
3
The Countries of the World
4
Find the US States
5
Risky Map Clicking: Biggest States A-Z
6
US States
7
Popular People in 1961
8
Movies - When Are They Set?
More Sports Quizzes
Confessions of the Olympic Cheats
Curator's Pick
Trending Quizzes
Risky Map Clicking: Least Populous States A-Z
1-10 Letter G Words
USA Borders Longest to Shortest
1-10 Letter F Words
Countries of the World: 200 Million BC
Recently Updated
Leaping Animals
pecheneg
Reality TV Shows (A-Z)
bhenderson79
Rickey Henderson's Hall of Fame Teammates
pecheneg
Champions League XIs: Arsenal
pecheneg
Quick Pick: Celebrities in WWE's Hall of Fame
aduchscher
A-Z Keypad Blitz II
pecheneg
Multiple Oscar Actors
pecheneg
Mystery Phrase Blitz: Oscar 'Best Actors'
pecheneg
F. Scott Fitzgerald Novels
LTH
Pick 3 Villains
ddd62291
Trending Topics
Marvel
NBA
Kpop
Harry Potter
Crossword
Anime
Disney
Pokémon
WWE
NFL
Country
Puzzle
Song
The Office
Soccer
Your Account Isn't Verified!
In order to create a playlist on Sporcle, you need to verify the email address you used during registration. Go to your
Sporcle Settings
to finish the process.
Report this User
Report this user for behavior that violates our
Community Guidelines
.
Details:
Send Report
Go to the Sporcle.com Mobile Site →
Comments